| 000 | 01279cam a2200325 a 4500 | ||
|---|---|---|---|
| 001 | 17279579 | ||
| 003 | OSt | ||
| 005 | 20180117090008.0 | ||
| 008 | 120430r20112009enk b 001 0 eng | ||
| 010 | _a 2012376321 | ||
| 020 | _a9780198069256 (pbk.) | ||
| 020 | _a0198069251 (pbk.) | ||
| 040 |
_aDLC _cDLC _dDLC |
||
| 043 | _aa-ii--- | ||
| 050 | 0 | 0 |
_aPN5377.M88 _bM88 2011 |
| 245 | 0 | 0 |
_aMuslims and media images : _bnews versus views / _cedited by Ather Farouqui. |
| 260 |
_aOxford ; _aNew York : _bOxford University Press, _c2011. |
||
| 300 |
_axiv, 354 p. ; _c22 cm. |
||
| 490 | 0 | _aOxford India paperbacks | |
| 500 | _aOriginally published: 2009. | ||
| 504 | _aIncludes bibliographical references and index. | ||
| 650 | 0 |
_aMuslims _xPress coverage _zIndia. |
|
| 650 | 0 |
_aMuslims in popular culture _zIndia. |
|
| 700 | 1 | _aFārūqī, At̤har. | |
| 856 | 4 | 2 |
_3Book review (H-Net) _uhttp://www.h-net.org/reviews/showrev.php?id=35233 |
| 906 |
_a7 _bcbc _corigres _d2 _encip _f20 _gy-gencatlg |
||
| 942 |
_2ddc _cBK |
||
| 999 |
_c3558 _d3558 |
||